[Event "XXIX European Club Cup"]
[Site "Rodi GRE"]
[Date "2013.10.23"]
[Round "4"]
[White "Boruchovsky, Avital"]
[Black "Harikrishna, Pentala"]
[WhiteElo "2453"]
[BlackElo "2709"]
[Result "1-0"]
[PlyCount "143"]
[EventDate "2013.10.20"]

1. c4 c5 2. Nf3 Nf6 3. d4 cxd4 4. Nxd4 Nc6 5. Nc3 g6 6. e4 d6 7. Be2 Nxd4 8.
Qxd4 Bg7 9. Bg5 O-O 10. Qd2 Be6 11. Rc1 Qa5 12. O-O Rfc8 13. b3 a6 14. f4 Rc5
15. Qe3 Re8 16. h3 Nd7 17. Bh4 b5 18. Be1 Qa3 19. Rc2 Rcc8 20. f5 Bxc4 21. bxc4
b4 22. Nd5 Qxe3+ 23. Nxe3 Bd4 24. Bf2 Nc5 25. Bf3 a5 26. Nd5 Bxf2+ 27. Kxf2 Kg7
28. Rd1 Rb8 29. Rb2 Nd7 30. Be2 Nc5 31. Kf3 Rb7 32. g4 f6 33. Rbb1 Rc8 34. Nf4
Kf7 35. Nd3 Nd7 36. Rdc1 Rbc7 37. Bd1 Kg7 38. Ba4 Nb6 39. Bb5 g5 40. Kf2 h5 41.
Rb2 Rb8 42. Rbc2 Nc8 43. Ba6 Rc6 44. Bxc8 Rbxc8 45. c5 Kf7 46. gxh5 e6 47. Kf3
exf5 48. exf5 Re8 49. cxd6 Rxd6 50. Rc7+ Kg8 51. Nf2 a4 52. Rb7 Rd5 53. Rxb4
Rxf5+ 54. Kg2 Rd5 55. Rxa4 Re7 56. Rac4 Rd2 57. R1c2 Rxc2 58. Rxc2 Kg7 59. a4
Ra7 60. Rc4 f5 61. Nd1 Kh6 62. Ne3 Ra5 63. Rb4 Kxh5 64. Nc4 Ra7 65. a5 g4 66.
hxg4+ fxg4 67. Rb5+ Kh4 68. Ne5 Ra6 69. Nd3 Rd6 70. Rb3 Rc6 71. Ra3 Rc2+ 72.
Kg1 1-0

[Event "XXIX European Club Cup"]
[Site "Rodi GRE"]
[Date "2013.10.23"]
[Round "4"]
[White "Dvirnyy, Danyyil"]
[Black "Judkovsky, Yair"]
[WhiteElo "2568"]
[BlackElo "2348"]
[Result "1-0"]
[PlyCount "109"]
[EventDate "2013.10.20"]

1. Nf3 Nf6 2. c4 g6 3. Nc3 Bg7 4. d4 O-O 5. e4 d6 6. h3 e5 7. d5 a5 8. Bg5 Na6
9. Nd2 Bd7 10. Be2 Nc5 11. g4 c6 12. Qc2 Rc8 13. O-O-O cxd5 14. exd5 Qe8 15.
Kb1 a4 16. a3 b6 17. Rhg1 Rb8 18. f3 Qc8 19. Rdf1 Qc7 20. h4 h6 21. Be3 Ne8 22.
Nde4 f5 23. gxf5 Bxf5 24. Bxc5 bxc5 25. Bd3 Kh8 26. Nxa4 Qe7 27. h5 Bh3 28.
hxg6 Bxf1 29. Rxf1 Nf6 30. Nxf6 Qxf6 31. Be4 Rb7 32. Nc3 Qd8 33. Rh1 Rf4 34.
Nb5 Rb6 35. Qd2 Ra6 36. Ka2 Qf6 37. Nc7 Ra7 38. Ne6 Rh4 39. Rg1 Qe7 40. Qg2 Rb7
41. Rc1 Rb6 42. Qd2 Rb8 43. Rb1 Qa7 44. Qf2 Qe7 45. Rd1 Kg8 46. Qc2 Qa7 47. Rd3
Rh1 48. Rb3 Ra8 49. Rb5 Qe7 50. Qb3 Bf8 51. g7 Bxg7 52. Rb7 Qh4 53. Rxg7+ Kh8
54. Qb7 Rxa3+ 55. Kxa3 1-0

[Event "XXIX European Club Cup"]
[Site "Rodi GRE"]
[Date "2013.10.23"]
[Round "4"]
[White "Mindlin, Alon"]
[Black "Valsecchi, Alessio"]
[WhiteElo "2286"]
[BlackElo "2440"]
[Result "1/2-1/2"]
[PlyCount "101"]
[EventDate "2013.10.20"]

1. Nf3 Nf6 2. c4 e6 3. Nc3 d5 4. d4 c6 5. cxd5 exd5 6. Bg5 Be7 7. e3 Bf5 8. Bd3
Bxd3 9. Qxd3 Nbd7 10. O-O O-O 11. Bxf6 Nxf6 12. a3 a5 13. Rfe1 Bd6 14. e4 dxe4
15. Nxe4 Re8 16. g3 a4 17. Nc3 Qa5 18. Qc4 Qf5 19. Kg2 Red8 20. Rad1 Nd5 21.
Nxd5 Qxd5 22. Qxd5 cxd5 23. Rc1 Ra5 24. Nd2 g6 25. Nb1 b5 26. Rc6 b4 27. axb4
Bxb4 28. Nc3 Rb8 29. Re2 Rb7 30. g4 Be7 31. f4 h6 32. f5 gxf5 33. gxf5 Bg5 34.
Rc5 Rxc5 35. dxc5 d4 36. Nxa4 Rb4 37. c6 Rc4 38. Re4 Rc2+ 39. Kf3 Bf6 40. Nb6
Rxc6 41. Nd5 Kf8 42. Nxf6 Rxf6 43. Rxd4 Rxf5+ 44. Rf4 Rg5 45. Rg4 Rc5 46. b4
Rc3+ 47. Kg2 Rb3 48. Rc4 Kg7 49. h4 Kf6 50. Rc6+ Ke5 51. Rxh6 1/2-1/2

[Event "XXIX European Club Cup"]
[Site "Rodi GRE"]
[Date "2013.10.23"]
[Round "4"]
[White "Broekmeulen, Jasper"]
[Black "Costantini, Roberto"]
[WhiteElo "2435"]
[BlackElo "2300"]
[Result "1-0"]
[PlyCount "71"]
[EventDate "2013.10.20"]

1. e4 c5 2. Nf3 d6 3. Nc3 a6 4. g3 b5 5. Bg2 Bb7 6. d3 Nf6 7. O-O e6 8. e5 dxe5
9. Nxe5 Bxg2 10. Kxg2 Nbd7 11. Bf4 Nxe5 12. Bxe5 Bd6 13. Bxf6 Qxf6 14. a4 b4
15. Ne4 Qe7 16. f4 O-O 17. Qf3 Qd7 18. b3 Rad8 19. Rae1 Qc7 20. g4 Rde8 21. f5
f6 22. Re2 Be5 23. Kh1 Bd4 24. Qh3 Qc6 25. Rg2 Rf7 26. Qh5 a5 27. Rg3 c4 28.
bxc4 Qxa4 29. fxe6 Rxe6 30. Qd5 Qd7 31. Qxa5 Qe7 32. Qd5 Be5 33. Rgf3 Qe8 34.
Ng5 Rfe7 35. Nxe6 Rxe6 36. d4 1-0

[Event "XXIX European Club Cup"]
[Site "Rodi GRE"]
[Date "2013.10.23"]
[Round "4"]
[White "Burg, Twan"]
[Black "Codenotti, Marco"]
[WhiteElo "2499"]
[BlackElo "2374"]
[Result "1-0"]
[PlyCount "73"]
[EventDate "2013.10.20"]

1. e4 c5 2. Nf3 d6 3. d4 cxd4 4. Nxd4 Nf6 5. f3 Nc6 6. c4 Nxd4 7. Qxd4 g6 8.
Be3 Bg7 9. Be2 O-O 10. Qd2 a5 11. O-O a4 12. Na3 Be6 13. Nb5 Nd7 14. f4 Nc5 15.
Qc2 Bd7 16. Rad1 Rc8 17. Nc3 Qa5 18. Nd5 Rfe8 19. f5 Bc6 20. fxg6 hxg6 21. Bg4
Bxd5 22. exd5 f5 23. Bf3 Nd7 24. Be2 Qb4 25. b3 axb3 26. axb3 b5 27. Kh1 Ne5
28. Rc1 bxc4 29. bxc4 Qa3 30. Bb6 Nd7 31. Bg1 Rb8 32. Rf3 Qb2 33. Qd1 Qa2 34.
Rg3 Kf7 35. Bh5 gxh5 36. Qxh5+ Kg8 37. Bd4 1-0

[Event "XXIX European Club Cup"]
[Site "Rodi GRE"]
[Date "2013.10.23"]
[Round "4"]
[White "De Filomeno, Simone"]
[Black "Tan, Matthew"]
[WhiteElo "2422"]
[BlackElo "2438"]
[Result "1/2-1/2"]
[PlyCount "113"]
[EventDate "2013.10.20"]

1. d4 d5 2. c4 c6 3. Nf3 e6 4. Nc3 dxc4 5. e3 b5 6. a4 Bb4 7. Bd2 a5 8. axb5
Bxc3 9. Bxc3 cxb5 10. b3 Bb7 11. bxc4 b4 12. Bb2 Nf6 13. Bd3 O-O 14. O-O Nbd7
15. Re1 Be4 16. Bxe4 Nxe4 17. Qc2 f5 18. Rec1 Qc7 19. Ne1 Rfb8 20. f3 Nef6 21.
Nd3 Qc6 22. Qd2 Nb6 23. Ne5 Qe8 24. Ra2 Na4 25. Rca1 Nxb2 26. Rxb2 Nd7 27. Nc6
Rc8 28. Nxa5 Nb6 29. Rba2 Rxa5 30. Rxa5 Nxc4 31. Qxb4 Nxa5 32. Qxa5 h6 33. Qe5
Qg6 34. Ra2 Kh7 35. Re2 Rc1+ 36. Kf2 Qh5 37. Qg3 Qf7 38. Qe5 Qh5 39. Rb2 Qh4+
40. Qg3 Qf6 41. Qf4 Ra1 42. Rd2 Ra4 43. h3 Rc4 44. Kg1 Ra4 45. Kh2 Rc4 46. Ra2
Rc3 47. Re2 Rd3 48. Qc7 Rd1 49. Qc2 Rf1 50. Qd3 Qe7 51. Qa6 Qc7+ 52. f4 Qf7 53.
Qd6 Qh5 54. Rd2 Qh4 55. g3 Qf6 56. Rc2 Qf7 57. Kg2 1/2-1/2

[Event "XXIX European Club Cup"]
[Site "Rodi GRE"]
[Date "2013.10.23"]
[Round "4"]
[White "Tomba, Ivan"]
[Black "Kleijn, Christov"]
[WhiteElo "2257"]
[BlackElo "2423"]
[Result "1/2-1/2"]
[PlyCount "81"]
[EventDate "2013.10.20"]

1. e4 c5 2. Nf3 d6 3. d4 cxd4 4. Nxd4 Nf6 5. Nc3 a6 6. Be3 e5 7. Nf3 Be7 8. Bc4
O-O 9. O-O Nbd7 10. Bb3 b6 11. Nh4 g6 12. Bh6 Re8 13. Nd5 Bb7 14. Nxe7+ Qxe7
15. f3 Nc5 16. Qe1 d5 17. Nf5 Qd8 18. Qh4 Nh5 19. Bxd5 Bxd5 20. exd5 Qxh4 21.
Nxh4 Na4 22. Rab1 Rac8 23. Rf2 Red8 24. Rd2 Nf6 25. d6 Rc6 26. g3 Rcxd6 27.
Rxd6 Rxd6 28. Ng2 e4 29. Kf2 Rd5 30. g4 Nc5 31. Be3 exf3 32. Kxf3 Nce4 33. h3
h5 34. c4 hxg4+ 35. hxg4 Nd2+ 36. Bxd2 Rxd2 37. Ne3 Nd7 38. a3 Rd4 39. Rc1 Ne5+
40. Kg3 g5 41. Rc3 1/2-1/2

[Event "XXIX European Club Cup"]
[Site "Rodi GRE"]
[Date "2013.10.23"]
[Round "4"]
[White "Sanduleac, Vasile"]
[Black "David, Alberto"]
[WhiteElo "2423"]
[BlackElo "2574"]
[Result "1/2-1/2"]
[PlyCount "106"]
[EventDate "2013.10.20"]

1. e4 d6 2. d4 Nf6 3. Nc3 g6 4. g3 Bg7 5. Bg2 O-O 6. Nge2 Nbd7 7. O-O c5 8. h3
Rb8 9. a4 b6 10. Be3 a6 11. Qd2 cxd4 12. Nxd4 Bb7 13. Bh6 Nc5 14. Bxg7 Kxg7 15.
Rfe1 e5 16. Nb3 Qc7 17. Qe3 Rbc8 18. Nxc5 Qxc5 19. Qxc5 Rxc5 20. Rad1 Rd8 21.
Re3 Kf8 22. Red3 Ne8 23. f4 Rdc8 24. fxe5 Rxe5 25. Rd4 Rcc5 26. Bf1 Nf6 27. Bg2
Ne8 28. R1d2 b5 29. axb5 axb5 30. Rd1 Bc6 31. Ra1 Re7 32. Ra6 Rb7 33. Rb4 Nc7
34. Ra1 Rc4 35. Rxc4 bxc4 36. Ra2 Ne6 37. Ra6 Nd4 38. Nd1 Bb5 39. Ra8+ Kg7 40.
c3 Ne2+ 41. Kf2 Nc1 42. Ke3 Nd3 43. Bf3 Bd7 44. Be2 Ne5 45. h4 Kf6 46. Kd4 Be6
47. Ra6 Ke7 48. Ke3 h5 49. Ra4 Kd8 50. Rb4 Ra7 51. Kd2 Ra1 52. Ne3 Rg1 53. Nxc4
Bxc4 1/2-1/2

[Event "XXIX European Club Cup"]
[Site "Rodi GRE"]
[Date "2013.10.24"]
[Round "5"]
[White "Caruana, Fabiano"]
[Black "Jakovenko, Dmitry"]
[WhiteElo "2779"]
[BlackElo "2719"]
[Result "1/2-1/2"]
[PlyCount "102"]
[EventDate "2013.10.20"]

1. e4 e5 2. Nf3 Nc6 3. d4 exd4 4. Nxd4 Nf6 5. Nxc6 bxc6 6. e5 Qe7 7. Qe2 Nd5 8.
c4 Ba6 9. Nd2 g6 10. Nf3 Qb4+ 11. Kd1 Nb6 12. b3 Bg7 13. Qd2 Qxd2+ 14. Bxd2 O-O
15. c5 Bxf1 16. Rxf1 Nd5 17. Rc1 f6 18. exf6 Rxf6 19. Rc4 Rf5 20. Ne1 Ne7 21.
Nd3 Rd5 22. Kc2 Nf5 23. Bc3 Re8 24. Bxg7 Kxg7 25. Kc3 g5 26. Nb4 Rde5 27. Rd1
R8e7 28. Nd3 Rd5 29. g3 h5 30. Rd2 Nh6 31. h4 Nf7 32. Ra4 Ne5 33. Nxe5 Rexe5
34. hxg5 Rxc5+ 35. Kb2 Rcd5 36. Rxd5 Rxd5 37. Rxa7 Rd2+ 38. Kc3 Rxf2 39. a4
Rf3+ 40. Kb4 c5+ 41. Kc4 d5+ 42. Kxd5 Rxb3 43. a5 Rxg3 44. Rxc7+ Kg6 45. a6 Ra3
46. a7 h4 47. Kxc5 h3 48. Kb6 h2 49. Rc1 Rb3+ 50. Ka6 Ra3+ 51. Kb6 Rb3+ 1/2-1/2

[Event "XXIX European Club Cup"]
[Site "Rodi GRE"]
[Date "2013.10.24"]
[Round "5"]
[White "Dvirnyy, Danyyil"]
[Black "Zvjaginsev, Vadim"]
[WhiteElo "2568"]
[BlackElo "2659"]
[Result "1/2-1/2"]
[PlyCount "78"]
[EventDate "2013.10.20"]

1. Nf3 c5 2. c4 Nc6 3. Nc3 Nf6 4. g3 d6 5. Bg2 g6 6. d4 cxd4 7. Nxd4 Bd7 8. O-O
Bg7 9. Nc2 Qa5 10. Nd5 Nxd5 11. cxd5 Ne5 12. Bd2 Qa6 13. Bc3 O-O 14. f4 Ng4 15.
Bxg7 Kxg7 16. Qd4+ Kg8 17. Bf3 Rfc8 18. Ne3 Nxe3 19. Qxe3 Qb6 20. Qxb6 axb6 21.
Rfc1 h5 22. Kf2 Bg4 23. a3 Bxf3 24. Kxf3 f5 25. Ke3 Rc5 26. Kd4 Kf7 27. Rc3
Raa5 28. b4 Rxc3 29. bxa5 Rc2 30. axb6 Rb2 31. a4 Rxb6 32. Kc3 Ke8 33. h3 Ra6
34. Kb4 Rb6+ 35. Kc3 Kf7 36. Rg1 Ra6 37. Kb4 Rb6+ 38. Kc3 Ra6 39. Kb4 Rb6+
1/2-1/2

[Event "XXIX European Club Cup"]
[Site "Rodi GRE"]
[Date "2013.10.24"]
[Round "5"]
[White "Efimenko, Zahar"]
[Black "Vocaturo, Daniele"]
[WhiteElo "2661"]
[BlackElo "2557"]
[Result "0-1"]
[PlyCount "120"]
[EventDate "2013.10.20"]

1. Nf3 Nf6 2. g3 g6 3. Bg2 Bg7 4. O-O d5 5. c4 c6 6. Qc2 O-O 7. d3 Re8 8. Bf4
Nh5 9. Be5 Na6 10. Bxg7 Nxg7 11. cxd5 cxd5 12. Nc3 e5 13. Rac1 Nc7 14. Qb3 Rb8
15. Nb5 Nxb5 16. Qxb5 a6 17. Qb4 Bd7 18. Nd2 a5 19. Qa3 Bc6 20. Rc2 Ne6 21. e3
a4 22. Rfc1 f6 23. Qb4 Kg7 24. d4 exd4 25. exd4 Qe7 26. Qc3 Qd6 27. h4 h5 28.
Nf3 Re7 29. Re1 Rbe8 30. Rce2 Nc7 31. Rxe7+ Rxe7 32. Rxe7+ Qxe7 33. Qa5 Ne8 34.
Nh2 Nd6 35. Nf1 Nc4 36. Qc3 Qe2 37. b3 Nd6 38. bxa4 Qxa2 39. Qc5 Nf5 40. Bh3
Qc4 41. Bxf5 Qxc5 42. dxc5 gxf5 43. Ne3 Kg6 44. a5 d4 45. Ng2 Bb5 46. f3 d3 47.
Kf2 d2 48. Ne3 Kf7 49. Nd1 f4 50. g4 Ke6 51. Nc3 Bd3 52. gxh5 Kf7 53. Kg2 Kg7
54. Kh3 f5 55. Kg2 Kh6 56. Kh2 Kxh5 57. Kg2 Kxh4 58. Kf2 Kg5 59. Nd1 Kf6 60.
Nb2 Ba6 0-1

[Event "XXIX European Club Cup"]
[Site "Rodi GRE"]
[Date "2013.10.24"]
[Round "5"]
[White "Harikrishna, Pentala"]
[Black "Dominguez Perez, Leinier"]
[WhiteElo "2709"]
[BlackElo "2753"]
[Result "0-1"]
[PlyCount "100"]
[EventDate "2013.10.20"]

1. e4 c5 2. Nf3 d6 3. d4 cxd4 4. Nxd4 Nf6 5. Nc3 a6 6. a4 Nc6 7. Be2 e5 8. Nxc6
bxc6 9. O-O Be7 10. f4 O-O 11. Kh1 a5 12. Be3 exf4 13. Bxf4 Be6 14. Qd3 d5 15.
Rad1 dxe4 16. Qg3 Bd5 17. Be5 Ne8 18. Nxd5 cxd5 19. Bc4 Bh4 20. Qh3 Qe7 21.
Rxd5 Bf6 22. Bf4 Rd8 23. c3 Nd6 24. Be2 Nb7 25. Rh5 h6 26. Qe3 g5 27. Qg3 Nd6
28. Be3 Bg7 29. h4 f6 30. c4 Qe6 31. b3 Nf7 32. hxg5 fxg5 33. Qh3 Qg6 34. Rf5
Rfe8 35. Rxa5 Rd3 36. Rb5 Bd4 37. Bxd3 exd3 38. Rxh6 Qxh6 39. Rxg5+ Bg7 40. Rg3
Qxh3+ 41. gxh3 Nd6 42. Rf3 Bd4 43. Bf4 Re1+ 44. Kg2 d2 45. Bxd2 Re2+ 46. Kg3
Rxd2 47. a5 Ra2 48. b4 Nxc4 49. Rd3 Nd6 50. Kf3 Rf2+ 0-1

[Event "XXIX European Club Cup"]
[Site "Rodi GRE"]
[Date "2013.10.24"]
[Round "5"]
[White "Vitiugov, Nikita"]
[Black "Georgiev, Kiril D."]
[WhiteElo "2729"]
[BlackElo "2664"]
[Result "1-0"]
[PlyCount "95"]
[EventDate "2013.10.20"]

1. d4 d5 2. c4 e6 3. Nc3 c6 4. e4 Bb4 5. Bd2 dxc4 6. Bxc4 Qxd4 7. Qe2 Nf6 8. e5
Nd5 9. Nf3 Qb6 10. O-O Nd7 11. Rfe1 O-O 12. Bd3 f5 13. exf6 N7xf6 14. a3 Bd6
15. Ne4 Bf4 16. Neg5 Bd7 17. Bxf4 Nxf4 18. Qd2 Nxd3 19. Qxd3 h6 20. Nxe6 Bxe6
21. Rxe6 Qxb2 22. Ree1 Qb5 23. Qc2 Nd5 24. Nd4 Qa5 25. Nf5 Qc7 26. Re6 Rf6 27.
Rxf6 Nxf6 28. Re1 Nd5 29. Qb2 Qf7 30. Nd6 Qg6 31. Qxb7 Rf8 32. Ne4 Nf4 33. Ng3
h5 34. h4 Nd3 35. Qb3+ Kh7 36. Re6 Nc5 37. Rxg6 Nxb3 38. Rxc6 Rf4 39. Rc7 Rxh4
40. Rxa7 Nd4 41. f3 Kg6 42. Kf2 Ne6 43. Ra5 Nf4 44. Kg1 Ne6 45. Re5 Kf6 46.
Rf5+ Kg6 47. Ra5 Nf4 48. Nf5 1-0

[Event "XXIX European Club Cup"]
[Site "Rodi GRE"]
[Date "2013.10.24"]
[Round "5"]
[White "Rusev, Krasimir"]
[Black "Pruijssers, Roeland"]
[WhiteElo "2556"]
[BlackElo "2529"]
[Result "0-1"]
[PlyCount "66"]
[EventDate "2013.10.20"]

1. d4 f5 2. Bg5 g6 3. Nc3 Bg7 4. h4 h6 5. Bf4 Nf6 6. Qd3 d6 7. e4 O-O 8. exf5
Bxf5 9. Qd2 Nc6 10. Nf3 Ng4 11. O-O-O e6 12. Bg3 Nb4 13. a3 Nxc2 14. Bd3 Na1
15. Qe1 Qd7 16. Kb1 Nb3 17. Ne2 a5 18. Nf4 Rfe8 19. Nxg6 b5 20. Qc3 a4 21. Qc2
Rab8 22. Bxf5 exf5 23. Rhe1 b4 24. axb4 Rxb4 25. Rxe8+ Qxe8 26. Qxf5 a3 27. Qc8
Qxc8 28. Ne7+ Kf7 29. Nxc8 Nxd4 30. Nxd4 Bxd4 31. b3 Nxf2 32. Rf1 Rxb3+ 33. Ka2
Rxg3 0-1

[Event "XXIX European Club Cup"]
[Site "Rodi GRE"]
[Date "2013.10.24"]
[Round "5"]
[White "Van Delft, Merijn"]
[Black "Ronchetti, Niccolo'"]
[WhiteElo "2425"]
[BlackElo "2450"]
[Result "1/2-1/2"]
[PlyCount "80"]
[EventDate "2013.10.20"]

1. e4 e5 2. Nf3 Nc6 3. Bb5 a6 4. Ba4 Nf6 5. O-O Be7 6. d3 b5 7. Bb3 d6 8. a3
Bg4 9. Be3 d5 10. Nbd2 h6 11. c3 O-O 12. Re1 Qd7 13. h3 Be6 14. d4 exd4 15.
Nxd4 Nxd4 16. Bxd4 Nxe4 17. Nxe4 dxe4 18. Rxe4 Bxb3 19. Qxb3 c5 20. Rae1 Rfe8
21. Be3 c4 22. Qd1 Qxd1 23. Rxd1 Bf6 24. Rxe8+ Rxe8 25. Rd6 Re6 26. Rxe6 fxe6
27. g4 e5 28. Kg2 Kf7 29. Kf3 Ke6 30. Ke4 a5 31. Bd2 Bg5 32. f4 Bxf4 33. Bxf4
exf4 34. Kxf4 g5+ 35. Ke4 a4 36. Kd4 Kd6 37. Ke4 Ke6 38. Kd4 Kd6 39. Ke4 Ke6
40. Kd4 Kd6 1/2-1/2

[Event "XXIX European Club Cup"]
[Site "Rodi GRE"]
[Date "2013.10.24"]
[Round "5"]
[White "Van Dommelen, Martin"]
[Black "Tomba, Ivan"]
[WhiteElo "2100"]
[BlackElo "2257"]
[Result "0-1"]
[PlyCount "102"]
[EventDate "2013.10.20"]

1. e4 c5 2. Nf3 d6 3. c3 Nf6 4. Be2 Nbd7 5. d3 b6 6. O-O Bb7 7. Nbd2 Qc7 8. Re1
e6 9. Bf1 Be7 10. d4 cxd4 11. cxd4 O-O 12. Bd3 e5 13. Nb3 Rfe8 14. d5 Nh5 15.
Bb5 g6 16. Ng5 h6 17. Nh3 Kh7 18. Be3 Qd8 19. Rc1 Rc8 20. Qe2 Rf8 21. Rxc8 Bxc8
22. g4 Nc5 23. f3 Ng7 24. Qd2 h5 25. Qg2 Kh8 26. Bh6 Kh7 27. Be3 Rg8 28. Kh1 a6
29. Be2 Ne8 30. Rg1 hxg4 31. fxg4 Kg7 32. Rf1 Rh8 33. Qf3 Nf6 34. Nf2 Nh7 35.
Nxc5 bxc5 36. Nd3 Rf8 37. Qg2 Bg5 38. Qf3 Bxe3 39. Qxe3 Qh4 40. Qf2 Qh3 41. Qg2
Qe3 42. h4 Nf6 43. g5 Nxe4 44. Rf3 Qd2 45. h5 Qxg5 46. hxg6 Rh8+ 47. Kg1 Qxg2+
48. Kxg2 Kxg6 49. Nf2 Nxf2 50. Kxf2 Rh2+ 51. Kf1 Bh3+ 0-1

[Event "XXIX European Club Cup"]
[Site "Rodi GRE"]
[Date "2013.10.25"]
[Round "6"]
[White "Navara, David"]
[Black "Caruana, Fabiano"]
[WhiteElo "2703"]
[BlackElo "2779"]
[Result "1-0"]
[PlyCount "121"]
[EventDate "2013.10.20"]

1. e4 e5 2. Nf3 Nc6 3. Bb5 a6 4. Ba4 Nf6 5. O-O Be7 6. d3 b5 7. Bb3 d6 8. a4
Bd7 9. c3 Na5 10. Bc2 c5 11. d4 Qb8 12. Bg5 h6 13. Bxf6 Bxf6 14. dxc5 dxc5 15.
Qd5 Nb7 16. axb5 Be6 17. Qc6+ Bd7 18. Qd5 Be6 19. Qd1 axb5 20. Rxa8 Qxa8 21.
Na3 Qa5 22. Nxb5 Bc4 23. Nd6+ Nxd6 24. Qxd6 Bxf1 25. Kxf1 Qb5+ 26. Ke1 c4 27.
g3 h5 28. h4 Be7 29. Qxe5 Qxe5 30. Nxe5 g5 31. Ba4+ Kf8 32. hxg5 Bxg5 33. Bc6
h4 34. gxh4 Rxh4 35. Nxc4 f5 36. Ne5 Rh1+ 37. Ke2 Rb1 38. Nd3 fxe4 39. Bxe4 Ke7
40. f4 Bh6 41. b4 Bg7 42. Kd2 Ra1 43. Bd5 Kd6 44. c4 Bd4 45. Kc2 Ra3 46. f5
Rc3+ 47. Kd2 Ra3 48. Be4 Ra2+ 49. Kd1 Be3 50. c5+ Ke7 51. Ne5 Rb2 52. Bc2 Bg5
53. c6 Ra2 54. b5 Be3 55. f6+ Kd8 56. f7 Bc5 57. b6 Ra1+ 58. Ke2 Ra2 59. Kd3
Rb2 60. Nc4 Rb5 61. Bd1 1-0

[Event "XXIX European Club Cup"]
[Site "Rodi GRE"]
[Date "2013.10.25"]
[Round "6"]
[White "Banikas, Hristos"]
[Black "Georgiev, Kiril D."]
[WhiteElo "2630"]
[BlackElo "2664"]
[Result "1/2-1/2"]
[PlyCount "89"]
[EventDate "2013.10.20"]

1. d4 Nf6 2. c4 e6 3. Nf3 b6 4. g3 Ba6 5. b3 Bb4+ 6. Bd2 Be7 7. Bg2 c6 8. O-O
d5 9. Qc2 Nbd7 10. Rd1 O-O 11. Bf4 Nh5 12. Bc1 Nhf6 13. Nbd2 Rc8 14. e4 Bb7 15.
Bb2 c5 16. exd5 exd5 17. Qf5 Qc7 18. Rac1 dxc4 19. Nxc4 Be4 20. Qh3 Qb7 21.
Nfe5 Bxg2 22. Qxg2 Qxg2+ 23. Kxg2 cxd4 24. Nxd7 Nxd7 25. Bxd4 Rfd8 26. Ne5 Rxc1
27. Rxc1 Nxe5 28. Bxe5 Bc5 29. Rc2 f6 30. Bf4 h5 31. Kf3 Rd7 32. Be3 Bxe3 33.
Kxe3 Kf7 34. Rc6 g5 35. h3 Kg6 36. g4 Re7+ 37. Kf3 hxg4+ 38. hxg4 Kf7 39. b4
Kg6 40. a4 Rd7 41. Ke3 Re7+ 42. Kd3 Re1 43. Rc7 Rd1+ 44. Ke3 a6 45. Rc6 1/2-1/2

[Event "XXIX European Club Cup"]
[Site "Rodi GRE"]
[Date "2013.10.25"]
[Round "6"]
[White "Dvirnyy, Danyyil"]
[Black "Stathopoulos, Ioannis"]
[WhiteElo "2568"]
[BlackElo "2286"]
[Result "1-0"]
[PlyCount "93"]
[EventDate "2013.10.20"]

1. Nf3 c5 2. c4 Nf6 3. Nc3 Nc6 4. g3 d5 5. cxd5 Nxd5 6. Bg2 Nc7 7. O-O e5 8. d3
Be7 9. Nd2 O-O 10. Nc4 f6 11. Bxc6 bxc6 12. Be3 Be6 13. Qa4 Qe8 14. Ne4 f5 15.
Ned6 Qd7 16. Nb7 Qd5 17. Nca5 Nb5 18. Rfc1 f4 19. Bxc5 fxg3 20. hxg3 Bh3 21.
Qb3 Bxc5 22. Rxc5 Nd4 23. Qxd5+ cxd5 24. Re1 Bg4 25. f3 Bxf3 26. exf3 Nxf3+ 27.
Kf2 Nxe1+ 28. Kxe1 Rf3 29. Rxd5 Rxg3 30. Nc4 Rf8 31. Rxe5 Rxd3 32. Nc5 Rdd8 33.
Ne6 Rc8 34. Nxf8 Rxc4 35. Nd7 Rc2 36. Rb5 Rc7 37. Ne5 h5 38. Nf3 g6 39. Ra5 Kh7
40. Ra6 Rd7 41. b4 Rb7 42. a3 Kh6 43. Kf2 Rc7 44. b5 Rf7 45. Kg3 Rc7 46. a4 Rb7
47. Nh4 1-0

[Event "XXIX European Club Cup"]
[Site "Rodi GRE"]
[Date "2013.10.25"]
[Round "6"]
[White "Godena, Michele"]
[Black "Halkias, Stelios"]
[WhiteElo "2514"]
[BlackElo "2568"]
[Result "1/2-1/2"]
[PlyCount "88"]
[EventDate "2013.10.20"]

1. e4 e5 2. Nf3 Nc6 3. Nc3 Nf6 4. d4 Bb4 5. Nxe5 O-O 6. Nxc6 dxc6 7. Bd3 Qxd4
8. O-O Bxc3 9. bxc3 Qxc3 10. Rb1 Bg4 11. f3 Be6 12. Rxb7 Rfb8 13. Rxb8+ Rxb8
14. Qd2 Qa1 15. Qf2 Qxa2 16. Qc5 Qa4 17. Be3 Nd7 18. Qxa7 Qxa7 19. Bxa7 Ra8 20.
Bd4 c5 21. Ra1 Rxa1+ 22. Bxa1 f6 23. Kf2 Kf7 24. f4 Ke7 25. Bc3 h6 26. Ke3 Nb6
27. Be1 Nc4+ 28. Kf2 Na3 29. Ke3 Kd7 30. Kd2 Nc4+ 31. Bxc4 Bxc4 32. f5 Bf1 33.
g3 h5 34. Ke3 Bb5 35. c3 Kd6 36. Kf4 Bd3 37. Bf2 Bc4 38. Be3 Bd3 39. Kf3 Bc2
40. Bf4+ Kd7 41. Be3 c4 42. Kf4 Ke7 43. e5 fxe5+ 44. Kxe5 Kf7 1/2-1/2

[Event "XXIX European Club Cup"]
[Site "Rodi GRE"]
[Date "2013.10.25"]
[Round "6"]
[White "Sandalakis, Angelos"]
[Black "Vocaturo, Daniele"]
[WhiteElo "2394"]
[BlackElo "2557"]
[Result "0-1"]
[PlyCount "106"]
[EventDate "2013.10.20"]

1. d4 Nf6 2. c4 e6 3. g3 c5 4. Nf3 cxd4 5. Nxd4 Qc7 6. Nd2 Bc5 7. N4b3 Be7 8.
Bg2 O-O 9. O-O d6 10. Nd4 a6 11. b3 Bd7 12. Bb2 Nc6 13. N2f3 Rac8 14. Qd2 Rfd8
15. Rac1 Qb8 16. Rfd1 h6 17. Qe3 Nxd4 18. Bxd4 Ng4 19. Qd2 b5 20. cxb5 axb5 21.
Rxc8 Bxc8 22. a4 e5 23. h3 Nf6 24. Bc3 bxa4 25. bxa4 Qb3 26. Nxe5 dxe5 27.
Qxd8+ Bxd8 28. Rxd8+ Kh7 29. Rxc8 Qd1+ 30. Bf1 Qc1 31. a5 Ne4 32. a6 Nxc3 33.
Kg2 Qb2 34. Kh2 Nb5 35. Rb8 Qa1 36. Kg2 Qa4 37. e3 Nc7 38. Kg1 e4 39. Rb7 Qc6
40. Rb4 Nxa6 41. Bxa6 Qxa6 42. Rxe4 Qa1+ 43. Kh2 g5 44. Rb4 Qf1 45. Rb2 h5 46.
h4 g4 47. Ra2 Kg6 48. Rb2 Kf6 49. Ra2 Ke5 50. Ra5+ Ke6 51. Ra2 Kd6 52. Rb2 Kc5
53. Rd2 f6 0-1

[Event "XXIX European Club Cup"]
[Site "Rodi GRE"]
[Date "2013.10.25"]
[Round "6"]
[White "De Filomeno, Simone"]
[Black "Trygstad, Kristian"]
[WhiteElo "2422"]
[BlackElo "2216"]
[Result "1-0"]
[PlyCount "99"]
[EventDate "2013.10.20"]

1. d4 g6 2. Nf3 Bg7 3. g3 d6 4. Bg2 Nd7 5. O-O e5 6. c4 Ne7 7. Nc3 O-O 8. e4
exd4 9. Nxd4 Ne5 10. b3 f5 11. Bg5 h6 12. Bxe7 Qxe7 13. exf5 Bxf5 14. Nxf5 Rxf5
15. Nd5 Qd8 16. Ne3 Rf8 17. Bxb7 Rb8 18. Bd5+ Kh7 19. Rc1 Qe7 20. Be4 Rbe8 21.
Nd5 Qd8 22. Qc2 Nf3+ 23. Kg2 Rxe4 24. Qxe4 Nd2 25. Qe3 Nxf1 26. Rxf1 c6 27. Nf4
Qd7 28. Qe4 Qe8 29. Ne6 Rg8 30. Re1 Qd7 31. f4 d5 32. Qd3 Re8 33. f5 Kg8 34.
Nc5 Qc8 35. Rxe8+ Qxe8 36. cxd5 cxd5 37. Qxd5+ Kh8 38. fxg6 Qe2+ 39. Kh3 Qf1+
40. Kg4 Qe2+ 41. Kf5 Qh5+ 42. Ke6 Qxg6+ 43. Kd7 Bf8 44. Ne6 Qf7+ 45. Kc6 Qe8+
46. Kb7 Qe7+ 47. Ka8 Qe8+ 48. Kxa7 Qe7+ 49. Kb6 Qb4+ 50. Kc6 1-0

[Event "XXIX European Club Cup"]
[Site "Rodi GRE"]
[Date "2013.10.25"]
[Round "6"]
[White "Dolzhikova, Olga"]
[Black "Codenotti, Marco"]
[WhiteElo "2237"]
[BlackElo "2374"]
[Result "0-1"]
[PlyCount "116"]
[EventDate "2013.10.20"]

1. e4 c5 2. c3 Nf6 3. e5 Nd5 4. d4 cxd4 5. Nf3 Nc6 6. cxd4 d6 7. Bc4 Nb6 8. Bb5
dxe5 9. Nxe5 Bd7 10. Bxc6 Bxc6 11. Nxc6 bxc6 12. O-O g6 13. Be3 Bg7 14. Nc3 O-O
15. Rc1 Rc8 16. Qe2 Qd7 17. Rfd1 Qf5 18. Qa6 Qd7 19. Ne4 Nd5 20. Nc5 Qc7 21.
Rc4 Qb6 22. Qa3 Rfd8 23. Ra4 e5 24. Rxa7 Nxe3 25. fxe3 exd4 26. Rb7 dxe3 27.
Re1 Bxb2 28. Qxe3 Qxb7 29. Nxb7 Bd4 30. Nxd8 Bxe3+ 31. Rxe3 Rxd8 32. a4 Kf8 33.
Kf2 Ra8 34. Ra3 Ke7 35. Ke3 Kd6 36. Kd4 c5+ 37. Kc4 Ra5 38. Rd3+ Kc6 39. Ra3 f5
40. Ra2 f4 41. Kb3 Kd5 42. Rd2+ Ke6 43. Re2+ Kf6 44. Re8 g5 45. Rf8+ Ke5 46.
Rh8 Ra7 47. Rg8 Kf5 48. Rc8 Ra5 49. Rh8 Kg6 50. Ka3 g4 51. Rf8 Kg5 52. Kb3 h5
53. Rf7 Ra6 54. Rc7 f3 55. Rxc5+ Kf4 56. gxf3 gxf3 57. Rc8 Rf6 58. Rc4+ Ke3 0-1